| 000 | 03690cam a22004097a 4500 | ||
|---|---|---|---|
| 999 |
_c128140 _d128140 |
||
| 001 | 17758919 | ||
| 003 | ARRUPE | ||
| 005 | 20180912120710.0 | ||
| 008 | 130531s2013 enk b 001 0 eng d | ||
| 010 | _a 2013409402 | ||
| 016 | 7 |
_a016171838 _2Uk |
|
| 020 | _a9780199601301 | ||
| 020 | _a0199601305 | ||
| 035 | _a(OCoLC)ocn795172156 | ||
| 040 |
_aBTCTA _beng _cBTCTA _dUKMGB _dYDXCP _dYNK _dTYC _dU3G _dOUN _dCDX _dBWX _dDLC |
||
| 042 | _alccopycat | ||
| 050 | 0 | 0 |
_aLB14.7 _bM56 2013 |
| 082 | 0 | 4 |
_a198/.9 _223 |
| 100 |
_aLippitt, John (ed.) _942105 |
||
| 245 | 0 | 4 |
_aThe Oxford handbook of Kierkegaard / _cedited by John Lippitt and George Pattison. |
| 260 |
_aOxford, U.K. : _bOxford University Press, _c2013. |
||
| 300 |
_axx, 610 p. ; _c26 cm. |
||
| 490 | 1 | _aOxford handbooks | |
| 504 | _aIncludes bibliographic references and index. | ||
| 505 | 0 | _aIntroduction / George Pattison and John Lippitt -- Part I. Contexts and sources -- 1. The textual inheritance / Steen Tullberg -- 2. Kierkegaard and the end of the Danish golden age / Bruce H. Kirmmse -- 3. Kierkegaard and Copenhagen / George Pattison -- 4. Kierkegaard and German idealism / Lore Hühn and Philipp Schwab -- 5. Kierkegaard and Romanticism / William McDonald -- 6. Kierkegaard and the church / Anders Holm -- 7. Kierkegaard and Greek philosophy / Rick Anthony Furtak -- 8. Kierkegaard and the Bible / Paul Martens -- 9. Kierkegaard and the history of theology / David R. Law | |
| 505 | 0 | _aPart II. Some major topics in the authorship -- 10. Pseudonyms and 'style' / Edward F. Mooney -- 11. Ethics / C. Stephen Evans and Robert C. Roberts -- 12. Selfhood and 'spirit' / John J. Davenport -- 13. Formation and the critique of culture / Joakim Garff -- 14. Time and history / Arne Grøn -- 15. Kierkegaard's theology / Sylvia Walsh -- 16. Society, politics, and modernity / Merold Westphal -- 17. Love / M. Jamie Ferreira -- 18. Irony / K. Brian Söderquis -- 19. Death / Patrick Stokes | |
| 505 | 0 | _aPart III. Kierkegaard after Kierkegaard -- 20. Translating Kierkegaard / Alastair Hannay -- 21. Kierkegaard and Nietzsche / Markus Kleinert -- 22. Kierkegaard and Heidegger / Clare Carlisle -- 23. Kierkegaard and phenomenology / Claudia Welz -- 24. Kierkegaard and postmodernism / Steven Shakespeare -- 25. Kierkegaard, Wittgenstein, and the Wittgensteinian tradition / Anthony Rudd -- 26. Kierkegaard and moral philosophy: some recent themes / John Lippitt -- 27. Kierkegaard as theologian: a history of countervailing interpretations / Lee C. Barrett -- 28. Kierkegaard and modern European literature / Leonardo F. Lisi -- 29. Kierkegaard and English language literature / Hugh S. Pyper. | |
| 520 | _a"The Oxford Handbook of Kierkegaard' offers 29 chapters written by leading international scholars, regarding Kierkegaard's historical context, authorship, writing style, major philosophical topics, and continuing influence in the disciplines of philosophy, theology, and literature. | ||
| 600 | 1 | 0 |
_aKierkegaard, Søren, _d1813-1855. _942106 |
| 650 |
_aEducation, Higher _xPhilosophy _zIndia _942107 |
||
| 650 |
_aEducation _xPhilosophy _zIndia _942108 |
||
| 700 | 1 |
_aLippitt, John. _942109 |
|
| 700 | 1 |
_aPattison, George, _d1950- _95691 |
|
| 830 | 0 |
_aOxford handbooks. _942110 |
|
| 906 |
_a7 _bcbc _ccopycat _d2 _encip _f20 _gy-gencatlg |
||
| 942 |
_2lcc _cMONOGRAPH |
||